| 000 | 00582nam a2200205Ii 4500 | ||
|---|---|---|---|
| 003 | JO-AjNU | ||
| 008 | 230606s9999||||xx |||||||||||||| ||und|| | ||
| 020 | _a0-314-93365-4 | ||
| 040 |
_aJO-AjNU _beng _erda _cJO-AjNU |
||
| 041 | _aeng | ||
| 050 | 1 | 4 | _aHD31.D135.1992 |
| 100 | 3 |
_aDAFT,RICHARD L, _eauthor _92929 |
|
| 245 | 0 | 0 | _aOrganization Theory and Design |
| 264 | 3 | 1 | _aSaint paul:WEST PUBLISHING COMPANY,1992 |
| 300 | _a558p | ||
| 336 |
_atext _btxt _2rdacontent |
||
| 337 |
_aunmediated _bn _2rdamedia |
||
| 338 |
_avolume _bnc _2rdacarrier |
||
| 650 | 4 |
_aOrganization _92930 |
|
| 999 |
_aE1535 _c1535 _d1535 |
||